ARRUPE JESUIT UNIVERSITY

CORONAVIRUS -STOP THE SPREAD - CLEAN,DISINFECT,COVER

The world of Vermeer, 1632-1675, (Record no. 125455)

MARC details
000 -LEADER
fixed length control field 00796cam a22002531 4500
001 - CONTROL NUMBER
control field 1699237
003 - CONTROL NUMBER IDENTIFIER
control field ARRUPE
005 - DATE AND TIME OF LATEST TRANSACTION
control field 20161007112149.0
008 - FIXED-LENGTH DATA ELEMENTS--GENERAL INFORMATION
fixed length control field 790405s1967 nyuaf b 000 0beng
010 ## - LIBRARY OF CONGRESS CONTROL NUMBER
LC control number 67015299
040 ## - CATALOGING SOURCE
Original cataloging agency DLC
Transcribing agency DLC
Modifying agency DLC
050 00 - LIBRARY OF CONGRESS CALL NUMBER
Classification number ND653.V5
Item number K6
082 00 - DEWEY DECIMAL CLASSIFICATION NUMBER
Classification number 759.9492
300 ## - PHYSICAL DESCRIPTION
Other physical details illus., col. plates.
Dimensions 31 cm.
100 1# - MAIN ENTRY--PERSONAL NAME
Personal name Koning, Hans.
9 (RLIN) 26571
245 14 - TITLE STATEMENT
Title The world of Vermeer, 1632-1675,
Statement of responsibility, etc by Hans Koningsberger and the editors of Time-Life Books.
260 ## - PUBLICATION, DISTRIBUTION, ETC. (IMPRINT)
Place of publication, distribution, etc New York,
Name of publisher, distributor, etc Time, inc.
Date of publication, distribution, etc [1967]
300 ## - PHYSICAL DESCRIPTION
Extent 192 p.
490 0# - SERIES STATEMENT
Series statement Time-Life library of art
504 ## - BIBLIOGRAPHY, ETC. NOTE
Bibliography, etc Bibliography: p. 187.
600 10 - SUBJECT ADDED ENTRY--PERSONAL NAME
Personal name Vermeer, Johannes,
Dates associated with a name 1632-1675.
9 (RLIN) 26572
710 2# - ADDED ENTRY--CORPORATE NAME
Corporate name or jurisdiction name as entry element Time-Life Books.
9 (RLIN) 26560
906 ## - LOCAL DATA ELEMENT F, LDF (RLIN)
a 7
b cbc
c orignew
d u
e ocip
f 19
g y-gencatlg
942 ## - ADDED ENTRY ELEMENTS (KOHA)
Source of classification or shelving scheme Library of Congress Classification
Koha item type Monograph ( Printed materials)
Holdings
Withdrawn status Lost status Source of classification or shelving scheme Damaged status Not for loan Collection code Home library Current library Shelving location Date acquired Total Checkouts Full call number Barcode Date last seen Price effective from Koha item type
    Library of Congress Classification     Main Collection ARRUPE LIBRARY ARRUPE LIBRARY Main Collection 07/10/2016   L ND653.V5 46500010581 07/10/2016 07/10/2016 Monograph ( Printed materials)

 

Arrupe Library. PO Box MP320 Mt Pleasant, Harare, Zimbabwe
263 242 745411|librarian@aju.ac.zw